Ecology without nature : (Record no. 10492)
[ view plain ]
| 000 -LEADER | |
|---|---|
| fixed length control field | 00456nam a2200157 4500 |
| 001 - CONTROL NUMBER | |
| control field | 7538 |
| 005 - DATE AND TIME OF LATEST TRANSACTION | |
| control field | 20250814111143.0 |
| 008 - FIXED-LENGTH DATA ELEMENTS--GENERAL INFORMATION | |
| fixed length control field | 250813b |||||||| |||| 00| 0 eng d |
| 020 ## - INTERNATIONAL STANDARD BOOK NUMBER | |
| International Standard Book Number | 9780674094853 |
| 082 ## - DEWEY DECIMAL CLASSIFICATION NUMBER | |
| Classification number | 820.936 MOR |
| 100 ## - MAIN ENTRY--PERSONAL NAME | |
| Personal name | Morton,Timothy. |
| 245 04 - TITLE STATEMENT | |
| Title | Ecology without nature : |
| Remainder of title | rethinking environmental aesthetics. |
| 260 ## - PUBLICATION, DISTRIBUTION, ETC. | |
| Place of publication, distribution, etc. | London : |
| Name of publisher, distributor, etc. | Harward University Press, |
| Date of publication, distribution, etc. | 2007. |
| 300 ## - PHYSICAL DESCRIPTION | |
| Extent | viii, 239 p. : |
| Dimensions | 24 cm. |
| Other physical details | ill. ; |
| 942 ## - ADDED ENTRY ELEMENTS (KOHA) | |
| Source of classification or shelving scheme | Dewey Decimal Classification |
| Koha item type | Main |
| Withdrawn status | Lost status | Source of classification or shelving scheme | Damaged status | Not for loan | Home library | Current library | Shelving location | Date acquired | Inventory number | Total Checkouts | Full call number | Barcode | Date last seen | Date last checked out | Price effective from | Koha item type |
|---|---|---|---|---|---|---|---|---|---|---|---|---|---|---|---|---|
| Dewey Decimal Classification | RTC Library | RTC Library | Main opac | 13/08/2025 | 19795 | 1 | 820.936 MOR | 30021013 | 28/08/2025 | 27/08/2025 | 13/08/2025 | Main |